000 01274cam a2200337 i 4500
001 19667753
003 OSt
005 20251210143013.0
008 170530s2018 ilu b 001 0 eng
010 _a 2017025763
020 _a9781433558238
_qtp
035 _a19667753
040 _aDLC
_beng
_cDLC
_erda
_dDLC
042 _apcc
050 0 0 _aBS680.K52
_bS37 2018
082 0 0 _a231.7/2
_223
100 1 _aSchreiner, Patrick,
_eauthor.
245 1 4 _aThe kingdom of God and the glory of the cross /
_cPatrick Schreiner.
264 1 _aWheaton, Illinois :
_bCrossway,
_c[2018]
300 _a159 pages ;
_c21 cm.
336 _atext
_btxt
_2rdacontent
337 _aunmediated
_bn
_2rdamedia
338 _avolume
_bnc
_2rdacarrier
490 0 _aShort studies in biblical theology
504 _aIncludes bibliographical references and index.
650 0 _aKingdom of God
_xBiblical teaching.
776 0 8 _iOnline version:
_aSchreiner, Patrick, author.
_tKingdom of God and the glory of the cross
_dWheaton : Crossway, 2018
_z9781433558245
_w(DLC) 2018002643
906 _a7
_bcbc
_corignew
_d1
_eecip
_f20
_gy-gencatlg
942 _2lcc
_cBK
999 _c21009
_d21008